Hello, darkness

Guardat en:
Dades bibliogràfiques
Autor principal: Sissman, L. E (Autor)
Format: Llibre
Idioma:anglès
Publicat: Boston Little, Brown and Company 1978
Col·lecció:Atlantic Monthly Press Book
Matèries:
Etiquetes: Afegir etiqueta
Sense etiquetes, Sigues el primer a etiquetar aquest registre!

MARC

LEADER 00000nam a2200000 a 4500
001 UCQ3657
003 CL-VaPUC
008 980821e19780000US |||||||||||||||||eng|d
082 0 4 |a 811  |b SIS  |2 21 
100 0 |a Sissman, L. E  |e author  |9 417922 
245 1 0 |a Hello, darkness 
300 |a 294 p 
942 |c BK 
945 |d 19980821 00:00:00  |a crobeson 
260 |a Boston  |b Little, Brown and Company  |c 1978 
650 7 |a POESIAS ESTADOUNIDENSES  |2 CL-VaPUC  |9 417923 
650 0 |a Literatura estadounidense  |9 317168 
583 |a last modification  |c 19980821 00:00:00  |k Rodrigo Vera 
490 0 |a Atlantic Monthly Press Book 
999 |c 274174  |d 274172 
952 |0 0  |1 0  |4 0  |6 811_000000000000000_SIS_1978  |7 0  |8 A  |9 310277  |a BIBEDU  |b BIBEDU  |d 2019-11-20  |i 1456784  |o 811 SIS 1978  |p 1456784  |r 2019-11-20  |w 2019-11-20  |y BK  |k LIT